Duck Bob's General Knowledge #8 - Statistics

General Stats
  • This quiz has been taken 14 times
  • The average score is 8 of 20
Answer Stats
Hint Answer % Correct
What color does New Zealand's national sports teams wear? Black
75%
What language is this "" std::cout << "Hello World\n"; "" C++
67%
In Star Wars, what is Mace Windu's lightsaber color? Purple
67%
What room did Elvis die in? Bathroom
58%
What country has won the most FIFA world cups since 1998? France
58%
What island nation are dodo birds from? Mauritius
58%
Who scored the most points in NBA Playoffs history? LeBron James
50%
What brand of violin is the most expensive? Stradivarius
50%
What is the largest lake in the world? Caspian Sea
42%
Who is considered the father of calculus? Isaac Newton/Gottfried Leibniz
42%
Which NFL player has the most receiving yards in a season? Calvin Johnson
33%
What is the process in which DNA is replicated called? DNA Replication
25%
Who played Franklin Finbar in Jumanji: Welcome to the Jungle? Kevin Hart
25%
What is the strongest muscle in the human body proportionate to its size? Masseter
25%
Who is the Roman goddess of wisdom? Minerva
25%
What is the condition in which a person can't say the "r" sound? Rhoticism
17%
What chemical gives mint its cool feeling? Menthol
8%
What does the van der Waals equation measure? Pressure
8%
Who created the first electric chair? Thomas Edison
8%
Which US State has the lowest GDP? Vermont
8%
No matching quizzes found
Score Distribution
Percent of People with Each Score
Percentile by Number Answered
Your Score History
You have not taken this quiz